000 00398cam a2200181 4500
001 D12214
008 090401t1925 xxu||||| |||| 00| 0 eng d
035 _a(Sirsi) u2009
041 _aeng
100 _aBowen, David
245 4 _aThe law of easements
250 _a3rd
260 _aLondon
_bEstates Gazette
_c1925
350 _a0
520 _aShelf 133
942 _n0
948 _c04/03/1997
999 _c85718
_d85718